| 000 | 00527nam a22001937a 4500 | ||
|---|---|---|---|
| 001 | nam a22 7a 4500 | ||
| 003 | OSt | ||
| 005 | 20210929095335.0 | ||
| 007 | nam a22 7a 4500 | ||
| 008 | 210929b |||||||| |||| 00| 0 eng d | ||
| 010 | _a nam a22 7a 4500 | ||
| 020 | _a9781138001497 | ||
| 040 | _cHU | ||
| 082 | _a624.15132/ROC/2014 | ||
| 245 | _aRock Engineering and Rock Mechanics: Structures in and on Rock Masses | ||
| 260 |
_aLondon _bCRC Press _c2014 |
||
| 300 | _a350p | ||
| 942 |
_2ddc _cBOOKS _n0 |
||
| 999 |
_c7348 _d7348 |
||